مكتبة جامعة عجلون الوطنية

فهرس بحث المكتبة

Normal view MARC view
  • Arab Countries - Foreign Opinion American - Public Opinion - Relation

Entry Topical Term

Number of records used in: 1

001 - CONTROL NUMBER

  • control field: 3706

003 - CONTROL NUMBER IDENTIFIER

  • control field: JO-AjAnu

005 - DATE AND TIME OF LATEST TRANSACTION

  • control field: 20230606070917.0

008 - FIXED-LENGTH DATA ELEMENTS

  • fixed length control field: 230606|| aca||aabn | a|a d

040 ## - CATALOGING SOURCE

  • Original cataloging agency: JO-AjAnu
  • Transcribing agency: JO-AjAnu

150 ## - HEADING--TOPICAL TERM

  • Topical term or geographic name entry element: Arab Countries - Foreign Opinion American - Public Opinion - Relation

670 ## - SOURCE DATA FOUND

  • Source citation: Work cat.: (JO-AjAnu)1932: Mousa, Issam Suleiman, author 3705, The Arab Image in the US Press